Albrecht Altdorfer (Record no. 5130)

MARC details
000 -CABECERA
campo de control de longitud fija 00634nam a2200241 a 4500
001 - NÚMERO DE CONTROL
campo de control BRCA_5436
005 - FECHA Y HORA DE LA ÚLTIMA TRANSACCIÓN
campo de control 20190320205057.0
008 - DATOS DE LONGITUD FIJA--INFORMACIÓN GENERAL
campo de control de longitud fija 141210s1941----au-a######---#000-0#ger-#
041 ## - CÓDIGO DE LENGUA
Código de lengua del texto/banda sonora o título independiente ger
044 ## - CÓDIGO DEL PAÍS DE LA ENTIDAD EDITORA/PRODUCTORA
Código MARC del país au
050 #4 - SIGNATURA TOPOGRÁFICA DE LA BIBLIOTECA DEL CONGRESO
Número de clasificación ND588
Número de documento/Ítem .B35 1941
100 1# - ENTRADA PRINCIPAL--NOMBRE DE PERSONA
Nombre de persona Baldass, Ludwig von
9 (RLIN) 13881
245 10 - MENCIÓN DE TÍTULO
Título Albrecht Altdorfer
Mención de responsabilidad, etc. Ludwig von Baldass.
260 ## - PUBLICACIÓN, DISTRIBUCIÓN, ETC.
Lugar de publicación, distribución, etc. Viena
Nombre del editor, distribuidor, etc. Gallus
Fecha de publicación, distribución, etc. 1941
300 ## - DESCRIPCIÓN FÍSICA
Extensión 328 p.
Otras características físicas il.
Dimensiones 26 cm.
500 ## - NOTA GENERAL
Nota general Incluye apéndices
500 ## - NOTA GENERAL
Nota general E151
600 14 - PUNTO DE ACCESO ADICIONAL DE MATERIA--NOMBRE DE PERSONA
Nombre de persona Altdorfer, Albrecht
Fechas asociadas al nombre 1480-1538
9 (RLIN) 13882
650 14 - PUNTO DE ACCESO ADICIONAL DE MATERIA--TÉRMINO DE MATERIA
Término de materia o nombre geográfico como elemento de entrada Pintores alemanes
9 (RLIN) 797
650 14 - PUNTO DE ACCESO ADICIONAL DE MATERIA--TÉRMINO DE MATERIA
Término de materia o nombre geográfico como elemento de entrada Grabadores alemanes
9 (RLIN) 7216
902 ## - CATALOGADOR
Iniciales GFM
942 ## - ELEMENTOS DE PUNTO DE ACCESO ADICIONAL (KOHA)
Fuente del sistema de clasificación o colocación Library of Congress Classification
Tipo de ítem Koha Libros
Holdings
Estado de retiro Estado de pérdida Estado dañado No para préstamo Localización permanente Ubicación/localización actual Fecha de adquisición Número de inventario Total de préstamos Signatura topográfica completa Código de barras Fecha visto por última vez Precio válido a partir de Tipo de ítem Koha
El ejemplar forma parte de la colección y puede ser consultado según las políticas vigentes.       Biblioteca del Museo Franz Mayer (Rogerio Casas-Alatriste) Biblioteca del Museo Franz Mayer (Rogerio Casas-Alatriste) 14/12/2010 E151   ND588 .B35 1941 (E151) 5871 22/03/2019 22/03/2019 Libros